Statistics for Taylor Swift - Better Than Revenge Lyrics

Click here to take the quiz!

General Stats

  • This quiz has been taken 188 times
    (177 since last reset)
  • The average score is 438 of 496

Answer Stats

Answer% Correct
a
100%
I
100%
an
99%
The
99%
the
99%
And
98%
and
98%
it
98%
She
98%
she
98%
think
98%
you
98%
You
98%
no
97%
was
97%
go
96%
than
96%
to
96%
what
96%
who
96%
in
95%
when
95%
actress
94%
Ha
94%
He
94%
hot
94%
not
94%
revenge
94%
She's
94%
she's
94%
shes
94%
did
93%
Do
93%
do
93%
him
93%
say
93%
so
93%
there
93%
about
92%
all
92%
better
92%
corner
92%
faster
92%
Now
92%
on
92%
summer
92%
took
92%
wanted
92%
where
92%
could
91%
had
91%
hear
91%
is
91%
know
91%
sabotage
91%
stand
91%
story
91%
friends
90%
matches
90%
right
90%
starts
90%
toys
90%
applause
89%
make
89%
nothing
89%
people
89%
peoples
89%
people's
89%
saint
89%
stealing
89%
came
88%
flame
88%
other
88%
playground
88%
Soon
88%
with
88%
along
87%
for
87%
like
87%
me
87%
gonna
86%
have
86%
holding
86%
just
86%
many
86%
moth
86%
won't
86%
find
85%
from
85%
should
85%
keep
84%
mind
84%
at
83%
dealing
83%
got
83%
i'm
83%
I'm
83%
Let's
83%
lets
83%
never
83%
over
83%
saw
83%
thing
83%
would
83%
coming
82%
her
82%
little
82%
But
81%
but
81%
'cause
81%
'Cause
81%
name
81%
your
81%
trend
80%
underestimated
80%
Woah
80%
drum
79%
list
79%
looks
79%
dignity
78%
honey
78%
it's
78%
of
78%
or
78%
Or
78%
party
78%
things
78%
alone
77%
oh
77%
Oh
77%
beating
76%
thinks
76%
Time
76%
get
75%
amount
74%
psycho
74%
suspected
74%
wear
74%
dresses
73%
eyes
73%
isn't
73%
pain
73%
vintage
73%
ever
72%
gives
72%
might
72%
rhyme
72%
roll
72%
another
71%
that
71%
wanna
71%
last
70%
teach
70%
always
69%
didn't
69%
school
69%
they
69%
troubling
69%
don't
68%
prep
68%
up
68%
life
67%
down
66%
word
66%
sophistication
65%
you're
65%
much
64%
feel
63%
haven't
63%
heard
63%
are
62%
frown
62%
pushing
62%
doing
60%
still
60%
how
59%
Id
58%
present
58%
some
53%
show
50%
deserve
48%
nor
46%
C'mon
28%
See
28%

Score Distribution

Percentile by Number Answered

Percent of People with Each Score

Your Score History

You have not taken this quiz since the last reset